| 000 | 00347nam a2200133Ia 4500 | ||
|---|---|---|---|
| 008 | 230917s9999||||xx |||||||||||||| ||und|| | ||
| 040 |
_e179969 _aMAIN |
||
| 041 | _aEnglish | ||
| 082 | _a34:363.6 U3E | ||
| 245 | 4 | _aThe environment (protection) act, 1986 | |
| 260 |
_aDelhi _bUniversal Law Publishing Co. _c2001 |
||
| 300 | _a188 p. | ||
| 942 | _cBK | ||
| 999 |
_c108062 _d108062 |
||